[Event "Kragero Resort A 2020"]
[Site "Kragero"]
[Date "2020.02.20"]
[Round "3.2"]
[White "Lie, Kjetil A."]
[Black "Sriram, Jha"]
[Result "1/2-1/2"]
[WhiteElo "2523"]
[BlackElo "2383"]
[Annotator "TA"]
[PlyCount "41"]
[EventDate "2020.02.19"]
[EventType "swiss"]
[EventCountry "NOR"]
[SourceTitle "playchess.com"]
[Source "ChessBase"]
[SourceQuality "1"]

{[%evp 15,41,-3,0,-15,0,-14,0,0,0,-13,0,0,0,-28,-31,-28,-10,-15,-22,-46,-39,-64,-14,-37,0,-67,0,-55]} 1. d4 Nf6 2. Nf3 g6 3. Bg5 Bg7 4. c3 O-O 5. Nbd2 d6 6. e4 c5 7. dxc5 dxc5 8. Bc4 Nc6 9. Qe2 {A48: 1 d4 Nf6 2 Nf3 g6: Torre, London and Colle Systems.} h6 10. Bh4 Nh5 11. Qe3 b6 12. O-O Qc7 13. Rfe1 g5 14. Bg3 Nxg3 15. hxg3 Bb7 {[#]} 16. Rad1 $146 ({Predecessor:} 16. Nh2 Ne5 17. Bb3 c4 18. Bc2 Rfd8 19. Rab1 Rd7 20. Ndf3 Nd3 21. Red1 Rad8 22. Bxd3 Rxd3 23. Rxd3 Rxd3 {0-1 (55) Zegarac,V (2257)-Kovacevic,A (2493) Senta 2018}) 16... Rad8 17. Qe2 e6 18. Ba6 Ba8 19. Bb5 Bb7 20. Ba6 Ba8 21. Bb5 {Accuracy: White = 92%, Black = 90%.} 1/2-1/2

[Event "Kragero Resort A 2020"]
[Site "Kragero"]
[Date "2020.02.20"]
[Round "3.3"]
[White "Abdrlauf, Elham"]
[Black "Chatalbashev, Boris"]
[Result "1/2-1/2"]
[WhiteElo "2381"]
[BlackElo "2514"]
[Annotator "TA"]
[PlyCount "271"]
[EventDate "2020.02.19"]
[EventType "swiss"]
[EventCountry "NOR"]
[SourceTitle "playchess.com"]
[Source "ChessBase"]
[SourceQuality "1"]

{[%evp 20,271,-14,-20,-13,-12,-8,-8,-8,-7,-4,-493,-4,-4,-7,0,-7,-4,-9,-4,0,0,0,0,0,0,0,0,0,-20,-22,-65,-57,-79,-82,-77,-77,-103,-103,-103,-103,-103,-103,-103,-103,-103,-102,-103,-103,-113,-113,-113,-113,-113,-113,-113,-71,-71,-56,-103,-103,-103,-103,-106,-106,-106,-106,-139,-139,-170,-170,-235,-235,-309,-309,-309,-235,-309,-309,-309,-309,-309,-309,-309,-309,-309,-309,-309,-309,-309,-309,-309,-269,-309,-309,-309,-309,-309,-309,-309,-309,-309,-309,-309,-309,-309,0,-309,-309,-309,-309,-309,-309,-309,-309,-309,-309,-309,-309,-309,-309,-309,-302,-302,-301,-289,-278,-271,-264,-264,-264,-256,-256,-263,-230,-230,-122,-122,-122,-122,-122,-122,-122,-122,-122,-122,-122,-122,-122,-122,-122,-193,-122,-122,0,-122,-177,-212,-122,-126,-126,-135,-135,-136,-119,-159,-8,-8,-8,-8,-8,-8,-8,-8,-8,-8,-8,-8,-8,-8,-8,-8,-8,-8,-8,-8,-8,-8,-8,-8,-8,-8,-8,-8,-8,-8,-8,-8,-8,-8,-8,-8,-8,-8,-8,-8,-8,-8,-8,-8,-8,-8,-8,-8,-8,-8,-8,-8,-8,-8,-8,-8,-8,-8,0,-8,-8,-8,0,-8,-8,-8,-8,-8,-8,-8,0,-8,0,-8,-8,-8,-8,-8,-8,-8,-8,-8,-8,-8,-8,-8,0,-8]} 1. e4 g6 2. d4 Bg7 3. Nc3 d6 4. f4 Nf6 5. Nf3 O-O 6. e5 Nfd7 7. h4 c5 8. h5 cxd4 9. hxg6 dxc3 10. gxf7+ Rxf7 11. Bc4 e6 $1 {B09: Pirc Defence: Austrian Attack.} 12. Ng5 $1 {[#]} Nxe5 $1 13. Qh5 $132 {[%mdl 2048] White is not keeping still} (13. fxe5 cxb2) 13... h6 $1 14. fxe5 hxg5 15. Qh7+ $1 Kf8 {[#]} 16. Qh8+ $1 {[%mdl 512]} Bxh8 17. Rxh8+ Kg7 18. Rxd8 Nc6 {[%mdl 64] Double Attack} 19. Rxd6 Nxe5 20. Be2 Rd7 21. Rxe6 Rd1+ {[#]} 22. Bxd1 $146 ({Predecessor:} 22. Kxd1 Bxe6 23. bxc3 Rh8 24. Rb1 Rh1+ 25. Kd2 b6 26. c4 Kg6 27. Kc3 Re1 28. Bd3+ Nxd3 29. cxd3 {½-½ (126) Neuberger,G (2251)-Neuschmied,S (2284) Austria 2018}) 22... Bxe6 23. bxc3 Rh8 24. Bxg5 Rh1+ 25. Kf2 Bg4 $1 26. Rb1 Rxd1 27. Rxb7+ Rd7 28. Rxd7+ Bxd7 (28... Nxd7 $2 29. Be3 $19) 29. Ke3 Nc6 30. Ke4 Be6 31. a3 Kf7 32. Be3 Ba2 33. g4 Ke6 34. Bd4 a6 35. g5 Bd5+ 36. Kd3 Kf5 37. Bf6 Bf7 38. c4 Kf4 39. Kc3 Ke4 40. Bg7 Ke3 41. Bf6 Ke2 42. Bd4 Bg6 43. Bb6 Kd1 $1 44. a4 Bxc2 45. a5 (45. c5 $142) 45... Bg6 $19 46. c5 Ke2 47. Bc7 Ke3 48. Bb6 Kf4 49. Bc7+ Kxg5 50. Kc4 Bf7+ 51. Kd3 Kf5 52. Bb6 Ke5 53. Bc7+ Kd5 54. Bb6 Bg6+ 55. Kc3 Be4 56. Bc7 Kxc5 57. Bb6+ Kb5 58. Bc7 Nb4 59. Bb6 Nd5+ 60. Kd2 Kb4 (60... Nxb6 61. axb6 Bg2 62. Kc3 $11) 61. Bd8 Kb3 62. Bg5 Kb4 63. Bd8 Bg6 64. Bb6 Kc4 65. Bd8 Kb3 66. Bg5 Nb4 67. Bd8 Nc6 68. Bc7 Kb4 69. Bb6 Ne5 ({Weaker is} 69... Nxa5 70. Bxa5+ Kc4 71. Bb6 $11) 70. Bd8 Nc4+ 71. Kc1 Kb3 ({Worse is} 71... Nxa5 72. Bxa5+ Kc5 73. Kb2 $11) 72. Bc7 Be4 73. Bd8 Bc2 74. Bc7 Kc3 75. Be5+ Kb4 76. Bc7 Kb3 77. Bd8 Ne5 78. Bc7 Nc6 79. Kd2 Be4 80. Ke3 Bf5 81. Kd2 Nd4 82. Bb6 Ne6 83. Be3 Ka4 84. Bb6 Kb4 85. Kd1 {[#]} (85. Kc1 $17 Ng5 86. Bd8) 85... Nf4 ({Better is} 85... Kc3 $1 $19 86. Ke2 Nd4+ 87. Kf2 Nb3) 86. Kd2 Ne6 87. Kd1 $1 Kc3 88. Be3 {[#]} Bd3 ({Black should play} 88... Kd3 $1 $19 {[%cal Rd3e3]} 89. Bb6 Ng5) 89. Bd2+ $17 Kb3 90. Be3 Kc4 91. Bb6 Kc3 92. Be3 Nd4 $2 (92... Nc7 $17 93. Bd2+ Kd4) 93. Bxd4+ $1 $11 {The position is equal.} Kxd4 {[%mdl 4096] Endgame KB-KP} 94. Kd2 Kc4 95. Kd1 Kc3 96. Kc1 $1 Bf5 (96... Bg6 {seems wilder.} 97. Kd1 Be8 98. Kc1 Kb3 99. Kb1 Bg6+) 97. Kd1 Kb2 98. Kd2 Bc2 99. Ke2 Kc3 100. Ke1 Kd3 101. Kf2 Bd1 102. Kf1 Kd2 103. Kf2 Be2 104. Kg2 Ke3 105. Kg1 Kf3 106. Kh1 Kf2 107. Kh2 Bf3 108. Kh3 Ke2 109. Kh2 Bd5 110. Kg3 Ke3 111. Kg4 Be4 112. Kg3 Bf3 113. Kh2 Bc6 114. Kg3 Ke2 115. Kg4 Kf2 116. Kf4 Bf3 117. Kg5 Ke3 {White must now prevent ...Ke4.} 118. Kh4 Bd1 {...Kf4 is the strong threat.} 119. Kg3 Bh5 120. Kg2 Ke2 121. Kg3 Bf3 122. Kh3 Kf1 123. Kh2 Kf2 124. Kh3 Kg1 125. Kh4 Kg2 {Strongly threatening ...Kf2.} 126. Kg5 Kg3 127. Kf5 Kf2 (127... Bd1 {looks sharper.} 128. Kg6 Kf4 129. Kf6 Bh5 130. Kg7 Ke4) 128. Kg5 $1 Ke3 129. Kh4 Kd4 {And now ...Kc5 would win.} 130. Kg3 $1 Bh5 131. Kf2 Bg4 {Threatens to win with ...Bh5.} 132. Ke1 Kc3 133. Kf2 Bf5 {( -> ...Kb4)} 134. Ke3 Bd3 {aiming for ...Bf5.} 135. Kf2 Bc2 {Hoping for ...Bf5.} 136. Ke2 {And White is the lucky defender. Accuracy: White = 89%, Black = 94%.} 1/2-1/2

[Event "Kragero Resort A 2020"]
[Site "Kragero"]
[Date "2020.02.20"]
[Round "3.4"]
[White "Vrolijk, Liam"]
[Black "Miedema, David"]
[Result "0-1"]
[WhiteElo "2501"]
[BlackElo "2368"]
[Annotator "TA"]
[PlyCount "80"]
[EventDate "2020.02.19"]
[EventType "swiss"]
[EventCountry "NOR"]
[SourceTitle "playchess.com"]
[Source "ChessBase"]
[SourceQuality "1"]

{[%evp 23,80,42,39,-29,-39,-33,-24,-38,-13,-47,-39,-43,0,0,11,11,15,0,52,54,80,56,63,27,118,0,0,0,0,0,0,0,0,0,0,0,0,0,22,22,21,21,22,21,23,21,29,-144,-126,-119,-123,-1838,-1717,-1691,-1593,-4598,-4590,-4586,-4133]} 1. c4 e6 2. Nf3 d5 3. d4 c5 4. cxd5 exd5 5. g3 Nc6 6. Bg2 Nf6 7. O-O Be7 8. b3 O-O 9. Bb2 Ne4 10. Nc3 Bf6 11. Na4 cxd4 12. Nxd4 Bd7 13. Nf3 {[#] D34: Tarrasch Defence: 6 g3 Nf6 7 Bg2 Be7.} (13. Rc1 $14) 13... Bxb2 $146 ({Predecessor:} 13... Be6 14. Rc1 Rc8 15. Bxf6 Qxf6 16. Nc5 Nxc5 17. Rxc5 b6 18. Rc1 d4 19. Qd2 Rfd8 20. Rfd1 h6 {½-½ (47) Kordts,W (2142)-Van Ginkel,M (2179) Bayern 2007}) 14. Nxb2 Re8 15. Re1 {Black has an edge.} Bg4 {And now ...Qf6 would win.} (15... Qf6 $5 {[%cal Rf6b2]} 16. Na4 Rad8 $17) 16. Rc1 Qf6 17. Na4 Nb4 18. a3 Na2 19. Rc2 $1 {Black should prevent Qd3.} b5 $1 {[%cal Rb5a4]} 20. Nc5 Nac3 (20... Rac8 $11 21. Nxe4 dxe4 22. Rxa2 exf3 23. exf3 Rxe1+ 24. Qxe1 Bxf3) 21. Qd4 $14 Rac8 22. Qxf6 gxf6 23. Nd3 Bf5 (23... Ng5 $11) 24. Bf1 (24. Kf1 $16) 24... Ng5 $1 $11 25. Nxg5 {[#] Strongly threatening Nf3.} Bxd3 26. Rd2 Bxe2 27. Nxh7 Kxh7 28. Bxe2 Nxe2+ 29. Rexe2 Rxe2 30. Rxe2 {[%mdl 4096] Endgame KR-KR} d4 31. Re7 d3 32. Rxf7+ Kg6 33. Rd7 Rc3 34. Kg2 a5 {[%cal Ba7a5,Ba5a4,Ba4a3][%mdl 32]} ({But not} 34... Rxb3 $6 35. Rxa7 Rb2 36. Rd7 $16) 35. b4 $2 (35. a4 $11) 35... a4 $17 36. Rd5 Rxa3 {[#] ...Rc3 is the strong threat.} 37. Rxb5 $2 {[%mdl 8192]} (37. Kf3 $17) 37... Ra1 $19 {Black is clearly winning.} 38. Rd5 Rd1 39. Kf3 a3 40. Ra5 Re1 {Accuracy: White = 56%, Black = 79%.} 0-1

[Event "Kragero Resort A 2020"]
[Site "Kragero"]
[Date "2020.02.20"]
[Round "3.5"]
[White "Salimova, Nurgyul"]
[Black "Haldorsen, Benjamin"]
[Result "1/2-1/2"]
[WhiteElo "2372"]
[BlackElo "2462"]
[Annotator "TA"]
[PlyCount "105"]
[EventDate "2020.02.19"]
[EventType "swiss"]
[EventCountry "NOR"]
[SourceTitle "playchess.com"]
[Source "ChessBase"]
[SourceQuality "1"]

{[%evp 20,105,17,20,26,30,24,23,17,23,39,34,40,39,41,39,50,11,24,0,49,0,4,8,28,0,0,0,51,33,24,0,22,28,30,28,66,35,70,8,31,19,39,0,0,-38,75,29,37,29,29,29,29,24,22,0,5,0,10,-180,-178,-175,-172,-143,-8,-11,-8,-8,-8,-8,-8,-8,-8,-19,-24,-22,8,8,205,14,64,68,69,0,0,0,0,-19]} 1. d4 f5 2. Nf3 Nf6 3. g3 g6 4. Bg2 Bg7 5. O-O O-O 6. c4 d6 7. d5 c6 8. Nc3 e5 9. dxe6 Bxe6 10. b3 Na6 11. Ng5 Bc8 {A88: Dutch Defence: Leningrad System: 5 Nf3 0-0 6 0-0 d6 7 Nc3 c6.} 12. Bb2 Qe7 13. Qc2 Nc5 {White has an edge.} 14. Rad1 h6 15. Nf3 Be6 {[#]} 16. e3 $146 ({Predecessor:} 16. Rfe1 Rad8 17. b4 Nce4 18. Nxe4 fxe4 19. Bxf6 Qxf6 20. Qxe4 Qf7 21. c5 g5 22. cxd6 {½-½ (55) Farago,I (2377)-Aczel,G (2553) Budapest 2017}) 16... a5 17. Nd4 Bf7 18. a4 Rfe8 19. h4 Rac8 20. Ba3 Ng4 {Threatening ...Nxe3!} 21. Bc1 Nf6 22. Ba3 Ng4 {White should prevent ...Nxe3!} 23. Bc1 Kh8 (23... Nf6 $11) 24. Bf3 Ne5 25. Be2 d5 26. cxd5 cxd5 27. Ba3 b6 28. Qb1 Qf6 29. Rc1 (29. Bb5 $14) 29... Red8 30. Rfd1 Bg8 31. Bf1 Bh7 {With the idea ...g5.} 32. Bg2 Ne4 (32... Qf7 $1 $15 {stays ahead.} 33. Ndb5 f4 $1 {[%mdl 512]} 34. Bxd5 Rxd5 35. Nxd5 fxg3 36. fxg3 Nf3+ 37. Kg2 (37. Kh1 $2 g5 $19) 37... g5) 33. Nxe4 dxe4 34. Rxc8 Rxc8 35. Rc1 Rxc1+ 36. Qxc1 Bg8 37. Qc8 Nd3 38. Bh3 h5 39. Bg2 $2 {[#]} (39. Qc7 $11 {and White is okay.}) 39... f4 $1 $19 {[%cal Rf4e3][%mdl 576] Deflection} 40. gxf4 (40. exf4 Qxd4) 40... Qxh4 41. Qc2 Qg4 (41... Bxd4 $1 $17 42. exd4 Qxf4) 42. Qe2 $11 Bxd4 43. Qxg4 hxg4 44. exd4 Bxb3 45. Bxe4 Nxf4 {[%mdl 4096] Endgame KBB-KBN} 46. Bd6 Ne2+ 47. Kf1 Bc4 {Threatens to win with ...Nc3+.} 48. Ke1 {Black must now prevent Kd2.} Kh7 $2 {[#]} (48... Nc3 $11 {and Black has nothing to worry.} 49. Bxg6 Kg7) 49. Bc7 $2 ({Only move:} 49. Kd2 $1 $18) 49... Nxd4 (49... Nc3 $5 {[%cal Rc3e4]} 50. Bc6 Nd5 $14) 50. Bxb6 Nf3+ 51. Bxf3 (51. Kd1 $14) 51... gxf3 52. Bxa5 Bb3 53. Bc7 {Accuracy: White = 62%, Black = 66%.} 1/2-1/2

[Event "Kragero Resort A 2020"]
[Site "Kragero"]
[Date "2020.02.20"]
[Round "3.6"]
[White "Mirzoev, Emil"]
[Black "Ranaldi, Lucas"]
[Result "1-0"]
[WhiteElo "2452"]
[BlackElo "2302"]
[Annotator "TA"]
[PlyCount "63"]
[EventDate "2020.02.19"]
[EventType "swiss"]
[EventCountry "NOR"]
[SourceTitle "playchess.com"]
[Source "ChessBase"]
[SourceQuality "1"]

{[%evp 15,63,22,36,23,39,24,21,23,30,9,13,0,0,0,33,41,43,48,108,97,100,111,112,97,108,72,91,90,101,31,126,131,389,369,720,717,2552,2387,2168,1798,29985,29986,29985,29986,29990,29991,29991,29992,29995,29996]} 1. d4 Nf6 2. c4 e6 3. Nc3 Bb4 4. f3 d5 5. a3 Be7 6. e4 dxe4 7. fxe4 e5 {7...c5 gains popularity. Played by Anand in January 2020.} 8. d5 Bc5 9. Nf3 {E20: Nimzo-Indian: 4 g3 and 4 f3.} (9. Bg5 {is more complex.} O-O 10. Qc2 a5 11. Nf3 Nbd7 12. O-O-O) 9... Bg4 10. h3 Bxf3 11. Qxf3 {The position is equal.} Nbd7 12. Bd3 c6 13. Bg5 Bd4 {[#]} 14. Rb1 $146 ({Predecessor:} 14. Rc1 h6 15. Bh4 Qb6 16. b4 cxd5 17. Bxf6 Bxc3+ 18. Rxc3 Qd4 19. Bc2 dxe4 20. Bxe4 Nxf6 21. Bxb7 Rd8 22. Bc6+ Ke7 23. Ba4 Qd2+ 24. Kf1 Ne4 {0-1 (24) Van Buskirk,C (2292)-Sevillano,E (2489) Burbank 2004}) 14... Bxc3+ 15. bxc3 Qc7 16. O-O b6 (16... h6 $14 17. Be3 (17. Bxf6 Nxf6 18. Qg3 Nh5 $14) 17... b6) 17. Qg3 $16 Qd6 18. Bxf6 gxf6 19. Kh1 Ke7 20. Be2 Rag8 21. Qh4 Rg5 {[#]} 22. Bg4 (22. Rf2 $1 $16) 22... h5 ({Better is} 22... Nc5 $14) 23. Bxd7 $1 Qxd7 $4 {[%mdl 8192] [#] This move loses the game for Black.} (23... Kxd7 $16 24. c5 Qxc5) 24. c5 $1 $18 {[%mdl 512]} bxc5 $2 {[#]} (24... cxd5 25. cxb6 Rg6) 25. Qf2 $1 {[%csl LRc5,LRf6][%mdl 576] Double Attack} Qd6 26. Rb7+ {[%mdl 64] Double Attack} Ke8 27. dxc6 Rhg8 28. c7 {White mates.} Kd7 29. Qe2 Qc6 30. Rd1+ Kc8 31. Rxa7 Qb6 {[#]} 32. Qd3 $1 {[%mdl 512] Accuracy: White = 86%, Black = 50%.} 1-0

[Event "Kragero Resort A 2020"]
[Site "Kragero"]
[Date "2020.02.20"]
[Round "3.7"]
[White "Storme, Isak"]
[Black "Gharibyan, Mamikon"]
[Result "0-1"]
[WhiteElo "2314"]
[BlackElo "2405"]
[Annotator "RC"]
[PlyCount "76"]
[EventDate "2020.02.19"]
[EventType "swiss"]
[EventCountry "NOR"]
[SourceTitle "playchess.com"]
[Source "ChessBase"]
[SourceQuality "1"]
[TimeControl "5400+30"]

1. d4 {[%emt 0:00:00]} Nf6 {[%emt 0:00:00]} 2. c4 {[%emt 0:00:00]} e6 {[%emt 0:00:00]} 3. Nf3 {[%emt 0:00:00]} d5 {[%emt 0:02:08]} 4. g3 {[%emt 0:00:03]} Bb4+ {[%emt 0:00:52]} 5. Bd2 {[%emt 0:00:10]} Be7 {[%emt 0:00:42]} 6. Bg2 {[%emt 0:00:28]} O-O {[%emt 0:00:07]} 7. O-O {[%emt 0:00:28]} c6 {[%emt 0:00:30]} 8. Qb3 {[%emt 0:00:59]} Nbd7 {[%emt 0:03:19]} 9. Bf4 {[%emt 0:06:27]} Ne4 {[%emt 0:07:52]} 10. Nc3 {[%emt 0:09:21]} g5 {[%emt 0:02:44]} 11. Be3 {[%emt 0:00:49]} Nd6 {[%emt 0:06:06]} 12. cxd5 {[%emt 0:11:42]} exd5 {[%emt 0:00:56]} 13. Qc2 {[%emt 0:01:03]} Nb6 {[%emt 0:02:48]} 14. Qc1 {[%emt 0:02:40]} f6 {[%emt 0:02:54]} 15. h4 {[%emt 0:04:50]} h6 {[%emt 0:01:53]} 16. Bd2 {[%emt 0:06:30]} Bf5 {[%emt 0:03:41]} 17. Nh2 {[%emt 0:01:28]} Qd7 {[%emt 0:02:29]} 18. f3 {[%emt 0:01:56]} Bg6 {[%emt 0:12:57]} 19. e4 {[%emt 0:15:06]} dxe4 {[%emt 0:10:26]} 20. fxe4 {[%emt 0:01:19]} Ndc4 {[%emt 0:01:11]} 21. Be3 {[%emt 0:02:06]} Nxe3 {[%emt 0:02:20]} 22. Qxe3 {[%emt 0:00:06]} Nc4 {[%emt 0:00:14]} 23. Qf2 {[%emt 0:00:20]} f5 {[%emt 0:00:58]} 24. Kh1 {[%emt 0:03:42]} f4 {[%emt 0:07:03]} 25. hxg5 {[%emt 0:02:28]} hxg5 {[%emt 0:01:17]} 26. gxf4 {[%emt 0:02:46]} Rxf4 {[%emt 0:01:19]} 27. Qg3 {[%emt 0:01:20]} Rh4 {[%emt 0:07:04]} 28. Rad1 {[%emt 0:08:33]} Nxb2 {[%emt 0:01:09]} 29. Rd2 {[%emt 0:00:42]} Nc4 {[%emt 0:00:16]} 30. Rd3 {[%emt 0:00:08]} Bd6 {[%emt 0:04:08]} 31. e5 {[%emt 0:01:43]} Bxe5 {[%emt 0:00:53]} 32. dxe5 {[%emt 0:00:56]} Qxd3 {[%emt 0:00:09]} 33. Qxg5 {[%emt 0:00:29]} Rh5 {[%emt 0:00:07]} 34. Qg4 {[%emt 0:03:05]} Nxe5 {[%emt 0:00:25]} 35. Qe6+ {[%emt 0:02:30]} Bf7 {[%emt 0:00:07]} 36. Rxf7 {[%emt 0:01:21]} Nxf7 {[%emt 0:00:21]} 37. Ne4 {[%emt 0:00:13]} Qd1+ {[%emt 0:00:07]} 38. Bf1 {[%emt 0:00:07]} Qxf1# {[%emt 0:00:07]} 0-1

[Event "Kragero Resort A 2020"]
[Site "Kragero"]
[Date "2020.02.20"]
[Round "3.8"]
[White "Gretarsson, Helgi Ass"]
[Black "Shehzad, Shazil"]
[Result "1/2-1/2"]
[WhiteElo "2403"]
[BlackElo "2144"]
[Annotator "TA"]
[PlyCount "131"]
[EventDate "2020.02.19"]
[EventType "swiss"]
[EventCountry "NOR"]
[SourceTitle "playchess.com"]
[Source "ChessBase"]
[SourceQuality "1"]

{[%evp 18,131,31,13,16,0,0,0,0,1,0,2,21,10,13,16,8,0,16,16,16,15,47,56,41,17,22,15,15,17,16,9,18,17,21,23,68,68,68,65,73,64,64,58,58,63,68,68,68,68,77,68,83,68,68,68,68,69,70,65,76,77,75,75,76,77,76,68,65,54,54,54,54,54,81,79,118,118,126,109,118,118,131,131,131,131,131,115,115,115,115,115,115,115,115,115,115,115,115,115,115,115,115,115,115,115,115,115,115,115,131,115,115,115,115,115]} 1. d4 Nf6 2. c4 e6 3. Nf3 d5 4. Nc3 Bb4 5. Qa4+ Nc6 6. e3 O-O 7. Bd2 Bd7 8. Qc2 dxc4 9. Bxc4 Bd6 10. O-O e5 {[#] D38: Queen's Gambit Declined: Ragozin Defence (4 Nf3 Bb4).} 11. Nb5 $146 (11. d5 {is interesting.} Nb4 12. Qb1 c6 13. dxc6 Nxc6 14. Nd5) ({Predecessor:} 11. dxe5 Nxe5 12. Nxe5 Bxe5 13. f4 Bxc3 14. Bxc3 Qe7 15. Bxf6 Qxf6 16. e4 Rad8 17. e5 Bf5 18. exf6 Bxc2 {½-½ (45) Moiseenko,A (2648)-Meskovs,N (2568) Skopje 2019}) 11... exd4 12. Nxd6 cxd6 {The position is equal.} 13. Nxd4 Nxd4 14. exd4 Rc8 {[#] Threatens to win with ...d5.} 15. Qb3 b5 16. Bd3 ({Not} 16. Bxb5 $2 Rb8 $17) 16... Qb6 17. Rfd1 Bg4 18. Re1 a6 19. d5 Qb7 20. h3 Bd7 21. Bf4 $36 {[%mdl 2048] Black is under pressure.} Qxd5 22. Qxd5 Nxd5 23. Bxd6 {And now Be4 would win.} Rfd8 24. Rac1 Rxc1 25. Rxc1 Be6 26. Rc6 Nb4 27. Bxb4 Rxd3 28. Rxa6 $14 {[%mdl 4096] Endgame White threatens Ra8+ and mate. KRB-KRB} h6 29. Ra8+ Kh7 30. Bc3 Rd1+ 31. Kh2 Ra1 32. a3 Rd1 33. Rb8 Rd5 34. h4 Kg6 35. f3 h5 36. Kg3 f6 37. Kf4 Rc5 38. Bd4 Rc4 39. Ke3 Bd7 40. Rb7 Bc6 41. Rc7 {b3 is the strong threat.} Bd5 42. Rxc4 Bxc4 $16 {KB-KB} 43. Bc5 Kf5 44. Kd4 Bf1 45. g3 Ke6 46. Bf8 g6 47. Kc5 Kd7 48. b3 Kc7 49. Bg7 f5 50. f4 Be2 51. Be5+ Kb7 52. Bc3 Ka6 53. a4 bxa4 54. bxa4 {[%cal Bb3a4,Ba4a5][%mdl 32]} Bd1 {[#]} 55. a5 $1 Be2 56. Kd5 Bf3+ 57. Ke6 Be2 58. Kf6 Bg4 59. Kxg6 Kb5 60. Kf6 Ka6 61. Ke6 Bh3 62. Bd2 Bg4 63. Kd5 Bh3 64. Ke5 Bg4 65. Be1 Bh3 66. Kf6 {Accuracy: White = 100%, Black = 91%.} 1/2-1/2

[Event "Kragero Resort A 2020"]
[Site "Kragero"]
[Date "2020.02.20"]
[Round "3.9"]
[White "Fossan, Aleksander"]
[Black "Hammer, Jon Ludvig"]
[Result "1/2-1/2"]
[WhiteElo "2193"]
[BlackElo "2628"]
[Annotator "TA"]
[PlyCount "28"]
[EventDate "2020.02.19"]
[EventType "swiss"]
[EventCountry "NOR"]
[SourceTitle "playchess.com"]
[Source "ChessBase"]
[SourceQuality "1"]

{[%evp 16,28,0,0,0,0,0,-6,30,30,30,20,54,49,54]} 1. e4 c6 2. d4 d5 3. exd5 cxd5 4. c4 Nf6 5. Nc3 e6 6. c5 Be7 7. Nf3 O-O 8. Bf4 b6 9. b4 Ne4 {B14: Caro-Kann: Panov-Botvinnik Attack with 5...e6 and 5...g6.} 10. Qc2 Nc6 11. a3 Nxc3 12. Qxc3 bxc5 13. bxc5 {[#]} Bf6 $146 {White should prevent ...Nxd4!} ({Predecessor:} 13... f6 14. Bb5 Bd7 15. Bxc6 Bxc6 16. O-O Rc8 17. Rfe1 e5 18. dxe5 d4 19. Nxd4 Qd5 20. Nxc6 Rxc6 {1-0 (52) Waterfield,J (2030)-Bourne,J (2096) Frome 2009}) 14. Bd6 Be7 1/2-1/2

[Event "Kragero Resort A 2020"]
[Site "Kragero"]
[Date "2020.02.20"]
[Round "3.10"]
[White "Postny, Evgeny"]
[Black "Radeva, Viktoria"]
[Result "1/2-1/2"]
[WhiteElo "2611"]
[BlackElo "2320"]
[Annotator "TA"]
[PlyCount "36"]
[EventDate "2020.02.19"]
[EventType "swiss"]
[EventCountry "NOR"]
[SourceTitle "playchess.com"]
[Source "ChessBase"]
[SourceQuality "1"]

{[%evp 15,36,-3,0,-15,0,-46,-46,-46,-46,-53,1,-39,-39,-75,33,-109,-63,-144,-175,-180,-181,-173,-150]} 1. d4 d5 2. c4 e6 3. Nc3 c6 4. e3 Nf6 5. Nf3 Nbd7 6. Qc2 Bd6 7. b3 O-O 8. Bb2 e5 9. h3 {was the old line (9.Be2). D45: Semi-Slav: 5 e3.} Re8 10. O-O-O e4 11. Nd2 {Black is slightly better.} Nf8 12. g4 Be6 {[#]} (12... h6 $1 $15) 13. f3 $146 ({Predecessor:} 13. Be2 a5 14. f3 exf3 15. Bxf3 Bb4 16. e4 Bxc3 17. Bxc3 a4 18. exd5 axb3 19. axb3 cxd5 {½-½ (43) Gholami,A (2461)-Erigaisi,A (2337) Bhubaneswar 2016}) 13... exf3 14. Nxf3 a5 (14... dxc4 $17 15. bxc4 b5) 15. Bd3 (15. c5 $1 $14 {stays ahead.} Bg3 16. Rg1) 15... a4 16. Nxa4 (16. c5 $15 a3 17. Bxa3) 16... dxc4 $17 {Black is clearly better.} 17. bxc4 {[#]} b5 $1 {[%cal Bb7b5,Bb5c4][%mdl 544]} 18. Nc5 {[#]} (18. cxb5 Bd5) 18... bxc4 $1 {Accuracy: White = 30%, Black = 64%.} 1/2-1/2

[Event "Kragero Resort A 2020"]
[Site "Kragero"]
[Date "2020.02.20"]
[Round "3.11"]
[White "Holm, Kristian Stuvik"]
[Black "Vestby-Ellingsen, Mads"]
[Result "1/2-1/2"]
[WhiteElo "2467"]
[BlackElo "2357"]
[Annotator "TA"]
[PlyCount "42"]
[EventDate "2020.02.19"]
[EventType "swiss"]
[EventCountry "NOR"]
[SourceTitle "playchess.com"]
[Source "ChessBase"]
[SourceQuality "1"]

{[%evp 11,42,-5,-7,-1,-2,-63,-62,-41,-16,-16,28,32,32,18,18,21,24,22,24,24,23,0,0,3,26,0,11,-9,8,0,4,2,43]} 1. d4 Nf6 2. Bf4 d5 3. e3 e6 4. Nd2 Bd6 5. Ngf3 O-O 6. Ne5 c5 7. c3 {D02: 1 d4 d5 2 Nf3 sidelines, including 2...Nf6 3 g3 and 2...Nf6 3 Bf4.} Qc7 8. h4 (8. Bd3 $11) 8... Nc6 $15 9. Ndf3 {[#] Black is slightly better.} Nd7 $146 ({Predecessor:} 9... a6 10. g3 Nh5 11. dxc5 Bxc5 12. Ng6 Nxf4 13. Nxf8 Nh5 14. Nxh7 Kxh7 15. Ng5+ Kh6 {1-0 (45) Rosso,P (2408)-Perez,G (1915) SEMI email 1998}) 10. Bd3 {[#] Threatens to win with Bxh7+!} f5 {[%cal Rd7e5]} 11. Nxc6 bxc6 12. Bxd6 Qxd6 13. O-O e5 14. dxe5 Nxe5 15. Nxe5 Qxe5 16. g3 c4 17. Be2 Rb8 18. Rb1 Rb6 {The position is equal.} 19. Bf3 Be6 20. Qc2 Rfb8 21. b3 cxb3 {Accuracy: White = 79%, Black = 69%.} 1/2-1/2